000 01502nam a2200397 i 4500
001 196277
003 ES-MaACL
005 20250513063033.0
008 240823s1981 sp spa
016 7 _abimoBNE20000642024
_zIND9900879108
_2SpMaBN
017 _aB 31036-1981
_bOficina Depósito Legal Barcelona
020 _a843204721X
035 _a(OCoLC)432992542
035 _a(SpMaBN)bimo0001484025
035 _a991058846299708606
040 _aSpMaBN
_bspa
_cCDM
_dES-MaACL
080 _a92 Thuillier, Jean:616.89
080 _a616.89-085.214
100 _aThuillier, Jean,
_d1921-
_9238616
_eaut
245 1 3 _aEl nuevo rostro de la locura :
_buna revolución en la psiquiatría /
_cDr. Jean Thuillier ; [traducción del francés por María Juncal Ancin Iglesias].
260 _aBarcelona :
_bPlaneta,
_c1981.
300 _a218 p. :
_c24 cm.
336 _2rdacontent
_atexto
337 _2rdamedia
_asin mediación
338 _2rdacarrier
_avolumen
490 0 _aColección Al filo del tiempo
650 7 _aPsicofármacos
_9159712
650 7 _aEnfermedades mentales-
_xTratamiento
_9155113
700 _aAncin Iglesias, María Juncal
_9238617
_etrl
852 _aES-MaACL
_bR.152940
_cDEPOJ
_jN-9331
_hDonación: Editorial
_xEncuadernación rústica
_9205402
942 _cMONOGRAFIA
_n0
999 _c196277
_d196277